000 00295nam a22001217a 4500
008 160524b xxu||||| |||| 00| 0 eng d
020 _a9781933107035
020 _a1933107030
041 _aeng
080 _a618.2
245 _aMedical surgical nursing:
_cContent MasterySeries;
942 _2udc
_cBK
999 _c2418
_d2418